000 00671nam a2200241 a 4500
999 _c557
_d557
001 557
003 BD-JhCC
005 20220727134022.0
008 171007s2007 bg |||| ||a| 000 0 ben d
020 _a984868428X
035 _a(BD-JhCC) 557
040 _aBD-JhCC
_dBD-JhCC
041 _aben
082 _a891.443
_bVOT 2007
100 _aভট্ট, প্রণব
245 _aবিরহী /
_cপ্রণব ভট্ট
260 _aঢাকা:
_bঅন্যপ্রকাশ,
_c২০০৭.
300 _a111 পৃ. :
_c22 cm.
504 _aIncludes Bibliography
650 _aBangla Novel
942 _2ddc
_cBK
_09